MARC details
| 000 -CABECERA |
| campo de control de longitud fija |
00995cam a2200253 a 4500 |
| 001 - NÚMERO DE CONTROL |
| campo de control |
000000885 |
| 005 - FECHA Y HORA DE LA ÚLTIMA TRANSACCIÓN |
| campo de control |
20200929145431.0 |
| 008 - DATOS DE LONGITUD FIJA--INFORMACIÓN GENERAL |
| campo de control de longitud fija |
911023s1990 pe a 000 0 spa |
| 040 ## - FUENTE DE LA CATALOGACIÓN |
| Centro catalogador/agencia de origen |
DO-SdBNP |
| Centro/agencia transcriptor |
DLC |
| 082 ## - NÚMERO DE LA CLASIFICACIÓN DECIMAL DEWEY |
| Número de clasificación |
809.1 |
| Número de documento/Ítem |
V181ó |
| 100 1# - ENTRADA PRINCIPAL--NOMBRE DE PERSONA |
| Nombre de persona |
Valle y Caviedes, Juan del, |
| Fechas asociadas al nombre |
1652-1692. |
| 9 (RLIN) |
3136 |
| 245 10 - MENCIÓN DE TÍTULO |
| Título |
Obra completa / |
| Mención de responsabilidad, etc. |
Juan del Valle y Caviedes ; edición y estudios de María Leticia Cáceres, Luis Jaime Cisneros y Guillermo Lohmann Villena. |
| 260 ## - PUBLICACIÓN, DISTRIBUCIÓN, ETC. |
| Lugar de publicación, distribución, etc. |
Lima : |
| Nombre del editor, distribuidor, etc. |
Banco de Crédito del Perú, |
| Fecha de publicación, distribución, etc. |
1990. |
| 300 ## - DESCRIPCIÓN FÍSICA |
| Extensión |
962 p. : |
| Otras características físicas |
il. ; |
| Dimensiones |
24 cm. |
| 440 #0 - MENCIÓN DE SERIE/PUNTO DE ACCESO ADICIONAL--TÍTULO |
| Título |
Biblioteca clásicos del Perú ; |
| Designación de volumen o secuencia |
5 |
| 9 (RLIN) |
3137 |
| 600 14 - PUNTO DE ACCESO ADICIONAL DE MATERIA--NOMBRE DE PERSONA |
| Nombre de persona |
VALLE Y CAVIEDES, JUAN DEL, |
| Fechas asociadas al nombre |
1652-1692 |
| 9 (RLIN) |
3138 |
| 650 #4 - PUNTO DE ACCESO ADICIONAL DE MATERIA--TÉRMINO DE MATERIA |
| Término de materia o nombre geográfico como elemento de entrada |
Poesía peruana |
| Subdivisión general |
Historia y crítica |
| 9 (RLIN) |
3139 |
| 650 #4 - PUNTO DE ACCESO ADICIONAL DE MATERIA--TÉRMINO DE MATERIA |
| Término de materia o nombre geográfico como elemento de entrada |
Literatura peruana |
| 9 (RLIN) |
3140 |
| 650 #4 - PUNTO DE ACCESO ADICIONAL DE MATERIA--TÉRMINO DE MATERIA |
| Término de materia o nombre geográfico como elemento de entrada |
Crítica literaria |
| 9 (RLIN) |
3141 |
| 700 1# - PUNTO DE ACCESO ADICIONAL--NOMBRE DE PERSONA |
| Nombre de persona |
Cáceres, María Leticia |
| Término indicativo de función/relación |
ed. |
| 9 (RLIN) |
3142 |
| 700 1# - PUNTO DE ACCESO ADICIONAL--NOMBRE DE PERSONA |
| Nombre de persona |
Cisneros, Luis Jaime |
| Fechas asociadas al nombre |
1921- |
| Término indicativo de función/relación |
ed. |
| 9 (RLIN) |
3143 |
| 700 1# - PUNTO DE ACCESO ADICIONAL--NOMBRE DE PERSONA |
| Nombre de persona |
Lohmann Villena, Guillermo. |
| 9 (RLIN) |
3144 |
| 910 ## - DATOS DE OPCIÓN DEL USUARIO (OCLC) |
| Datos de opción del usuario |
Catalogación por copia/LC |